[Event "CSR-ch int"]
[Site "Prague"]
[Date "1989.??.??"]
[Round "15"]
[White "Pekarek, Ales"]
[Black "Blatny, Pavel"]
[Result "1/2-1/2"]
[WhiteElo "2465"]
[BlackElo "2450"]

1.d4 Nf6 2.c4 g6 3.Nc3 Bg7 4.e4 d6 5.Be2 O-O 6.Bg5 Nbd7 7.Qd2 Re8 8.Nf3 c5
9.d5 a6 10.O-O Qc7 11.h3 b6 12.Rae1 Bb7 13.Nh2 e6 14.Bh6 Bh8 15.f4 exd5 16.exd5 Re7
17.Bf3 Rae8 18.g4 Rxe1 19.Rxe1 Rxe1+ 20.Qxe1 Qd8 21.g5 Ne8 22.Ng4 Bc8 23.b3 Nb8
24.Ne4 Bf5 25.Kh2 Bxe4 26.Qxe4 Nd7 27.f5 Bd4 28.Kg2 Ne5 29.Be2 Nxg4 30.Bxg4 Nc7
31.f6 Be5 32.h4 b5 33.h5 bxc4 34.bxc4 Qb8 35.hxg6 Qb2+ 36.Qe2 Qxe2+ 37.Bxe2 hxg6
38.Bg4 Na8 39.Bc8 a5 40.Ba6 Bf4 41.Kf3 Bc1 42.Bb5  1/2-1/2

[Event "Tirnavia-B"]
[Site "Trnava"]
[Date "1989.??.??"]
[Round "1"]
[White "Cvetkovic, Srdjan"]
[Black "Blatny, Pavel"]
[Result "1/2-1/2"]
[WhiteElo "2460"]
[BlackElo "2450"]

1.c4 Nf6 2.Nc3 e6 3.Nf3 d5 4.d4 Bb4 5.e3 O-O 6.a3 Bxc3+ 7.bxc3 Nc6 8.Bb2 Na5
9.Nd2 b6 10.cxd5 exd5 11.Bd3 Re8 12.O-O Ne4 13.Bc1 Bf5 14.Qc2 Nxd2 15.Bxd2 Bxd3
16.Qxd3 Qd7 17.Rae1 Nc4 18.Bc1 Nd6 19.f3 f5 20.Qc2 Re6 21.Re2 Qc6 22.Rfe1 Rae8
23.h3 g6 24.a4 a5 25.Kf2 b5 26.axb5 Nxb5 27.Bb2 Nd6 28.Ba3 Nc4 29.Bc5 a4
30.g4 fxg4 31.hxg4 Rf6 32.e4 Ne5 33.dxe5 Qxc5+ 34.Kg2 Rxe5 35.Qxa4 Qxc3 36.Re3 Qc5
37.Qb3 Rb6 38.Qa2 Qd4 39.R3e2 Rbe6 40.exd5 Rxe2+ 41.Rxe2 Rxe2+ 42.Qxe2 Qxd5
43.Qe8+ Kg7 44.Qe7+ Qf7 45.Qe5+ Kg8 46.g5 Qd7 47.f4 Qd6 48.Qe8+ Kg7 49.Kg3 c5
50.Qc8 Qd3+ 51.Kg4 c4 52.Qc7+ Kg8 53.Qc8+ Kf7 54.Qc7+ Ke6 55.Qc6+ Ke7 56.Qc5+ Kd7
57.Qb5+ Kd6 58.Qb6+ Kd5 59.Qb5+ Kd6 60.Qb6+ Ke7 61.Qc5+ Kd8 62.Qa5+ Ke8 63.Qe5+ Kd8
64.Qa5+  1/2-1/2

[Event "Tirnavia-B"]
[Site "Trnava"]
[Date "1989.??.??"]
[Round "2"]
[White "Blatny, Pavel"]
[Black "Ostenstad, Berge"]
[Result "1/2-1/2"]
[WhiteElo "2450"]
[BlackElo "2410"]

1.e4 c6 2.d4 d5 3.exd5 cxd5 4.c4 Nf6 5.Nc3 e6 6.Nf3 Be7 7.c5 O-O 8.Bd3 b6
9.b4 a5 10.Na4 Nbd7 11.Qc2 Qc7 12.cxb6 Bxb4+ 13.Bd2 Qd6 14.Rb1 Nxb6 15.Bxb4 axb4
16.Nc5 Nbd7 17.O-O Nxc5 18.dxc5 Qc7 19.Rxb4 e5 20.Bb5 Bg4 21.Rb3 d4 22.a4 Be6
23.Ra3 Rfd8 24.Nd2 Bd5 25.c6 Qd6 26.Rg3 Rdc8 27.Rc1 e4 28.Qc5 Qxc5 29.Rxc5 h6
30.Ra3 Kf8 31.Kf1 Ra7 32.Nc4 Rac7 33.Nb6 Bxc6 34.Nxc8 Bxb5+ 35.Rxb5 Rc1+
36.Ke2 d3+ 37.Ke3 Re1+ 38.Kd2 Re2+ 39.Kd1 Ng4 40.Rf5 g6 41.Rf4 Nxf2+ 42.Rxf2 Rxf2
43.a5 Rxg2 44.a6 Rg1+ 45.Kd2 Rg2+ 46.Ke1 Rg1+ 47.Kd2 Rg2+  1/2-1/2

[Event "Tirnavia-B"]
[Site "Trnava"]
[Date "1989.??.??"]
[Round "5"]
[White "Blatny, Pavel"]
[Black "Sikora Lerch, Jan"]
[Result "0-1"]
[WhiteElo "2450"]
[BlackElo "2375"]

1.e4 d5 2.exd5 Nf6 3.d4 Nxd5 4.Nf3 Bg4 5.Be2 e6 6.h3 Bh5 7.O-O Nc6 8.c4 Nb6
9.Be3 Bxf3 10.Bxf3 Nxc4 11.Qb3 Nb6 12.d5 exd5 13.Bxb6 axb6 14.Bxd5 Qf6 15.Re1+ Be7
16.Nc3 O-O 17.Ne4 Qg6 18.Rad1 Kh8 19.Ng3 Bc5 20.Qf3 Nd4 21.Qf4 c6 22.Be4 f5
23.Bb1 Qf6 24.a3 b5 25.Nh5 Qf7 26.Qg5 Rae8 27.Ba2 Qg6 28.Qxg6 hxg6 29.Nf4 Rxe1+
30.Rxe1 Kh7 31.h4 g5 32.hxg5 Bd6 33.Ne6 Re8 34.g6+ Kh6 35.Kf1 Nxe6 36.Bxe6 Kg5
37.Bd7 Rd8 38.Be8 Bc5 39.Bf7  0-1

[Event "Tirnavia-B"]
[Site "Trnava"]
[Date "1989.??.??"]
[Round "7"]
[White "Blatny, Pavel"]
[Black "Basin, Leonid"]
[Result "0-1"]
[WhiteElo "2450"]
[BlackElo "2445"]

1.e4 c5 2.c3 d5 3.exd5 Qxd5 4.d4 Nf6 5.Nf3 Nc6 6.dxc5 Qxc5 7.Na3 Qa5 8.Bf4 Qf5
9.Bg3 a6 10.Bd3 Qe6+ 11.Be2 g6 12.O-O Bh6 13.Re1 Qd5 14.Nc4 Be6 15.Nb6 Qxd1
16.Bxd1 Ra7 17.Ne5 O-O 18.Bf3 a5 19.Bxc6 bxc6 20.Nxc6 Ra6 21.Nxe7+ Kg7 22.Na4 Re8
23.Nc5 Rb6 24.Bc7 Rxb2 25.Be5 Rxe7 26.Ne4 Reb7 27.Rad1 g5 28.Bxf6+ Kg6 29.h3 Bxa2
30.Be5 Rb1 31.Rd6+ Be6 32.Rxb1 Rxb1+ 33.Kh2 Kf5 34.Nd2 Kxe5 35.Rxe6+ fxe6
36.Nxb1 Kd5 37.Nd2 g4 38.c4+ Kc6 39.Ne4 gxh3 40.gxh3 a4  0-1

[Event "Tirnavia-B"]
[Site "Trnava"]
[Date "1989.??.??"]
[Round "11"]
[White "Blatny, Pavel"]
[Black "Lechtynsky, Jiri"]
[Result "0-1"]
[WhiteElo "2450"]
[BlackElo "2450"]

1.Nf3 Nf6 2.g3 d5 3.Bg2 c6 4.b3 Bg4 5.Bb2 Nbd7 6.c4 e6 7.O-O Bd6 8.d3 O-O
9.Qc2 Qe7 10.a3 a5 11.Nbd2 Rfe8 12.Rfe1 e5 13.e4 d4 14.Nh4 g6 15.Bc1 Nc5
16.h3 Be6 17.f4 Nh5 18.Ndf3 Nxg3 19.fxe5 Bc7 20.Rb1 Nd7 21.Bg5 Qf8 22.Nxd4 Bxe5
23.Be3 Nh5 24.Rf1 Qe7 25.Nhf3 Bf4 26.Bf2 Ne5 27.Nxe5 Bxe5 28.Nf3 Bc7 29.e5 Nf4
30.Kh2 Bf5 31.Rbd1 Nxg2 32.Kxg2 Qd7 33.Rh1 Bxe5 34.Qc1 Bg7 35.Qd2 Rad8 36.Qxa5 Bxd3
37.Qb6 Qf5 38.Rde1 Be4 39.Re3 Bd4 40.Rxe4 Bxb6 41.Rxe8+ Rxe8 42.Bxb6 Re2+
43.Bf2 Qc2 44.Rf1 Qxb3 45.Nd4 Qxc4 46.Nxe2 Qe4+ 47.Kg1 Qxe2 48.Re1 Qd3 49.Re3 Qd8  0-1

[Event "Tirnavia-B"]
[Site "Trnava"]
[Date "1989.??.??"]
[Round "12"]
[White "Bilek, Istvan"]
[Black "Blatny, Pavel"]
[Result "1/2-1/2"]
[WhiteElo "2410"]
[BlackElo "2450"]

1.e4 e5 2.Nf3 Nc6 3.d4 exd4 4.Nxd4 Nf6 5.Nc3 Bb4 6.Nxc6 bxc6 7.Bd3 d5 8.exd5 Qe7+
9.Qe2 Nxd5 10.Qxe7+ Kxe7 11.Bd2 Nxc3  1/2-1/2

[Event "Tirnavia-B"]
[Site "Trnava"]
[Date "1989.??.??"]
[Round "13"]
[White "Blatny, Pavel"]
[Black "Lanc, Alois"]
[Result "1/2-1/2"]
[WhiteElo "2450"]
[BlackElo "2410"]

1.Nf3 Nf6 2.b3 d6 3.Bb2 e5 4.e3 e4 5.Ng1 d5 6.d3 Bb4+ 7.Nd2 Bg4 8.Be2 Bxe2
9.Nxe2 Nc6 10.O-O O-O 11.dxe4 Nxe4 12.Nxe4 dxe4 13.Ng3 f5 14.Qe2 Bd6 15.Qb5 a6
16.Qd5+ Kh8 17.Rad1 Qh4 18.Qc4 Qh6 19.Qe2 Rad8 20.Qh5 Qg6 21.Qxg6 hxg6 22.Ne2 Kg8
23.Nd4 Nxd4 24.Bxd4 Kf7 25.c4 g5 26.Bc3 g4 27.Rd5 g6 28.Rfd1 Be7 29.h3 gxh3
30.gxh3 c6 31.Rxd8 Rxd8 32.Rxd8 Bxd8 33.Kg2 Ke6 34.f3 Bb6 35.fxe4 fxe4 36.Bd2 Kf5
37.Kg3 Bc5 38.Kg2 b5 39.cxb5 cxb5 40.Kg3  1/2-1/2

[Event "Warsaw op"]
[Site "Warsaw"]
[Date "1989.??.??"]
[Round "?"]
[White "Blatny, Pavel"]
[Black "Skrobek, Ryszard"]
[Result "1-0"]
[WhiteElo "2450"]
[BlackElo "2425"]

1.Nf3 c5 2.c4 g6 3.e4 Nc6 4.d4 cxd4 5.Nxd4 Nf6 6.Nc3 d6 7.Be2 Nxd4 8.Qxd4 Bg7
9.Be3 O-O 10.Qd1 Be6 11.O-O Qa5 12.f3 Rfc8 13.Qb3 Nd7 14.Rfc1 Nc5 15.Qd1 Na6
16.Na4 Bd7 17.Nc3 Be6 18.Qf1 Qb4 19.Nd1 Rc7 20.Rab1 Rac8 21.b3 Nc5 22.Nf2 a5
23.Qd1 Qa3 24.Rc2 a4 25.Bc1 Qb4 26.Bd2 Qb6 27.Be3 axb3 28.axb3 Qb4 29.Bd2 Qa3
30.Bc1 Qa7 31.Be3 Qa3 32.Bc1 Qa8 33.Qd2 b5 34.Ra2 Qb7 35.Qc2 b4 36.Be3 Ra8
37.Qd2 Rxa2 38.Qxa2 Rc8 39.Qd2 Ra8 40.Nd3 Bc3 41.Qc2 Nxd3 42.Bxd3 Ra3 43.Qd1 Qa8
44.Bc2 Ra2 45.Qd3 f5 46.Qd1 Qa5 47.Bd3 g5 48.exf5 Bxf5 49.c5 Be6 50.Bc2 dxc5
51.Qd3 Kf8 52.Qxh7 Bf6 53.h4 c4 54.hxg5 Bg7 55.Qe4 Rxc2 56.Qxe6 Qe5 57.Qc8+ Kf7
58.Re1 Qe6 59.g6+ Qxg6 60.Bf2 Qd6 61.Qf5+  1-0

[Event "Warsaw op"]
[Site "Warsaw"]
[Date "1989.??.??"]
[Round "?"]
[White "Kalinitschew, Sergey"]
[Black "Blatny, Pavel"]
[Result "1-0"]
[WhiteElo "2425"]
[BlackElo "2450"]

1.d4 Nf6 2.Nf3 e6 3.c4 d5 4.Nc3 dxc4 5.e4 Bb4 6.Qa4+ Nc6 7.Bg5 Bd7 8.Qc2 h6
9.Bxf6 Qxf6 10.e5 Qf4 11.Rd1 b5 12.Be2 Ne7 13.O-O Bxc3 14.bxc3 Bc6 15.Qb2 h5
16.Rfe1 Nd5 17.Nd2 b4 18.cxb4 c3 19.Qc2 Rb8 20.a3 a5 21.Nb1 axb4 22.axb4 Rh6
23.b5 Bb7 24.Nxc3 Qg5 25.Nxd5 Bxd5 26.Bf1 Rg6 27.g3 Qd8 28.Bd3 Rh6 29.Qc5 h4
30.Be4 hxg3 31.fxg3 Qd7 32.Rc1 Bxe4 33.Rxe4 Rb7 34.Re3 Qxb5 35.Qxb5+ Rxb5
36.Rxc7 Rd5 37.Ra3 Rd7 38.Ra8+ Ke7 39.Rcc8 Rb7 40.Kg2 g5 41.Rg8 f6 42.Rg7+  1-0

[Event "Warsaw op"]
[Site "Warsaw"]
[Date "1989.??.??"]
[Round "?"]
[White "Blatny, Pavel"]
[Black "Malaniuk, Vladimir P"]
[Result "1/2-1/2"]
[WhiteElo "2450"]
[BlackElo "2520"]

1.e4 e5 2.Nf3 Nc6 3.Bb5 Nd4 4.Nxd4 exd4 5.O-O Bc5 6.d3 c6 7.Ba4 Ne7 8.f4 f5
9.Qh5+ g6 10.Qh6 Ng8 11.Qg7 Qf6 12.Qxf6 Nxf6 13.e5 Ng4 14.Bb3 d6 15.exd6 Kd7
16.Nd2 Re8 17.Nf3 Kxd6 18.Bd2 Be6 19.Bxe6 Rxe6 20.Rfe1 Rae8 21.Kf1 Kd5 22.Rxe6 Rxe6
23.Re1 Rxe1+ 24.Kxe1 b6 25.g3 a5 26.Ke2 a4 27.h3 Nf6 28.Be1 Be7 29.Ng5 c5
30.b3 axb3 31.axb3 h6 32.Nf3 Nd7 33.Nd2 Bd8 34.Kf3 Nb8 35.Nf1 Nc6 36.g4 Be7
37.Bd2 Bh4 38.Ng3 Bxg3 39.Kxg3 Ke6 40.Kf3 Ne7 41.Be1 Nd5 42.Bd2 Kf6 43.Be1 Ke6
44.b4 Nxb4 45.Bxb4 cxb4 46.Kg3 Kd5 47.Kh4 Kc5 48.gxf5 gxf5 49.Kh5 b3 50.cxb3 Kb4
51.Kg6 Kc3 52.Kxf5 Kxd3 53.Kg6 Kc3 54.f5 d3 55.f6 d2 56.f7 d1=Q 57.f8=Q Qd3+
58.Qf5  1/2-1/2

[Event "Warsaw op"]
[Site "Warsaw"]
[Date "1989.??.??"]
[Round "?"]
[White "Kholmov, Ratmir D"]
[Black "Blatny, Pavel"]
[Result "0-1"]
[WhiteElo "2510"]
[BlackElo "2450"]

1.e4 e5 2.Nf3 Nc6 3.Bb5 a6 4.Ba4 Nf6 5.O-O Be7 6.Re1 b5 7.Bb3 O-O 8.a4 Bb7
9.d3 Re8 10.Nc3 b4 11.Nd5 Na5 12.Nxe7+ Qxe7 13.Ba2 Rab8 14.Bg5 h6 15.Bd2 c5
16.Nh4 d5 17.exd5 Nxd5 18.Qg4 Qf6 19.Nf5 Kh7 20.Nxg7 Qxg7 21.Qe4+ f5 22.Qxf5+ Kh8
23.f3 Rbd8 24.Re2 Nc6 25.c3 Rf8 26.Qh5 Nf4 27.Bxf4 Rxf4 28.Bc4 Rdf8 29.Re3 R4f5
30.Qh4 Ne7 31.Qg3 Rg5 32.Qf2 Nf5 33.Re2 Nd6 34.Re3 Rf4 35.Bb3 Nf5 36.Rae1 Nh4  0-1

[Event "Warsaw op"]
[Site "Warsaw"]
[Date "1989.??.??"]
[Round "?"]
[White "Kalinin, Oleg"]
[Black "Blatny, Pavel"]
[Result "0-1"]
[WhiteElo "2315"]
[BlackElo "2450"]

1.d4 Nf6 2.c4 e6 3.Nc3 d5 4.Nf3 Bb4 5.cxd5 exd5 6.Bg5 Nbd7 7.e3 c5 8.Bd3 Qa5
9.Qc2 c4 10.Bf5 O-O 11.Nd2 Re8 12.O-O g6 13.Bh3 Bxc3 14.bxc3 Ne4 15.Nxe4 dxe4
16.Bxd7 Bxd7 17.Bf4 Ba4 18.Qd2 Qd5 19.f3 Re6 20.Rf2 f6 21.fxe4 Rxe4 22.Bg3 f5
23.Be5 Re8 24.h3 Bc6 25.Re1 Qe6 26.Rf4 g5 27.Rxe4 Bxe4 28.Qf2 h6 29.Qb2 Qd5
30.Re2 Re6 31.Qb4 Rxe5 32.dxe5 Qd1+ 33.Kf2 Bd3 34.Qe7 Qxe2+ 35.Kg1 Qxe3+
36.Kh2 Qf4+ 37.Kh1 Qc1+ 38.Kh2 Qf4+ 39.Kh1 g4 40.Qe8+ Kg7 41.Qe7+ Kg6 42.Qf6+ Kh5
43.hxg4+ Kxg4 44.Qg7+ Qg5 45.Qxb7 Qh4+ 46.Kg1 Qe1+ 47.Kh2 Qxe5+ 48.Kg1 Qe3+  0-1

[Event "Bad Woerishofen op"]
[Site "Bad Woerishofen"]
[Date "1990.??.??"]
[Round "?"]
[White "Blatny, Pavel"]
[Black "Klinger, Josef"]
[Result "0-1"]
[WhiteElo "2510"]
[BlackElo "2475"]

1.e4 e5 2.Nf3 Nc6 3.Bb5 f5 4.Nc3 fxe4 5.Nxe4 d5 6.Nxe5 dxe4 7.Nxc6 Qg5 8.Qe2 Nf6
9.Ne5+ c6 10.f4 Qxf4 11.d4 Qh4+ 12.g3 Qh3 13.Bc4 Be6 14.Bg5 O-O-O 15.O-O-O Bd6
16.Qf1 Rhe8 17.Bxf6 Qh6+ 18.Rd2 Bb4 19.c3 Rxd4 20.Qf4 Qxf4 21.gxf4 Rxd2 22.Bh4 Bxc3
23.bxc3 e3 24.Re1 Rxh2 25.Nf3 Rg2 26.Rxe3 Bf7 27.Rxe8+ Bxe8 28.Be1 b5 29.Bg8 Bg6
30.Be6+ Kc7 31.f5 Be8 32.Bd2 Bd7 33.Bf4+ Kd8 34.Bd6 h5 35.Ne5 Bxe6 36.fxe6 h4
37.Nxc6+ Ke8 38.Nd4 a6 39.e7 Rg6 40.Nf5 h3 41.a4 bxa4 42.Bc7 Rg2 43.Bd8 Kd7
44.Nd6 Re2  0-1

[Event "Bad Woerishofen op"]
[Site "Bad Woerishofen"]
[Date "1990.??.??"]
[Round "?"]
[White "Tischbierek, Raj"]
[Black "Blatny, Pavel"]
[Result "1-0"]
[WhiteElo "2440"]
[BlackElo "2510"]

1.e4 e5 2.Nf3 Nc6 3.Bc4 Nf6 4.d3 h6 5.O-O d6 6.c3 g6 7.d4 Qe7 8.Re1 Bg7 9.b4 a6
10.Bd5 Bd7 11.dxe5 dxe5 12.Be3 b6 13.a4 Ng4 14.Bc1 Rd8 15.b5 axb5 16.axb5 Na5
17.Ba3 Qf6 18.h3 h5 19.Qe2 Bf8 20.Bb4 g5 21.Nfd2 Nh6 22.Qxh5 g4 23.Bxa5 Bc5
24.Rf1 gxh3 25.Qf3 Qg7 26.Bb4 hxg2 27.Re1 Nf5 28.Qxg2 Ng3 29.Bxc5 Rh1+ 30.Qxh1 Nxh1+
31.Kxh1 bxc5 32.Nf1 Ke7 33.Ng3 Rg8 34.Kg2 Qf6 35.Rh1 Rg7 36.Ra7 Qb6 37.Rb7 Qa5
38.b6 Qa6 39.bxc7 Bc8  1-0

[Event "CSR-ch"]
[Site "Brno"]
[Date "1990.??.??"]
[Round "1"]
[White "Blatny, Pavel"]
[Black "David, Pavel"]
[Result "1-0"]
[WhiteElo "2510"]
[BlackElo "2440"]

1.d4 Nf6 2.Nf3 g6 3.Nc3 d5 4.Bf4 Bg7 5.e3 O-O 6.Be2 c5 7.dxc5 Nbd7 8.O-O Nxc5
9.Be5 Nce4 10.Nb5 Bf5 11.h3 a6 12.Nc7 Rc8 13.g4 Nxg4 14.Bxg7 Ngxf2 15.Rxf2 Nxf2
16.Kxf2 Kxg7 17.Nxd5 Bxc2 18.Qd4+ f6 19.Nc3 Bf5 20.Qb4 Rc7 21.h4 e5 22.Rg1 Qe7
23.Qa4 Rd8 24.h5 e4 25.Nd4 Qe5 26.Rg3 Bc8 27.Qd1 Rd6 28.hxg6 hxg6 29.Qg1 g5
30.Ke1 b5 31.a3 Kg6 32.Bg4 Rxd4 33.exd4 Qf4 34.Ne2 Rc1+ 35.Nxc1 Qxc1+ 36.Bd1 Qxb2
37.Qe3 Qb1 38.d5 a5 39.Qb3 Qc1 40.Rc3 Qf4 41.Rxc8 e3 42.Qc2+  1-0

[Event "CSR-ch"]
[Site "Brno"]
[Date "1990.??.??"]
[Round "2"]
[White "Salai, Ladislav"]
[Black "Blatny, Pavel"]
[Result "1-0"]
[WhiteElo "2395"]
[BlackElo "2510"]

1.e4 e5 2.Nf3 Nc6 3.Bb5 a6 4.Ba4 Nf6 5.O-O Be7 6.Re1 b5 7.Bb3 O-O 8.c3 d5
9.exd5 Nxd5 10.Nxe5 Nxe5 11.Rxe5 c6 12.d4 Bd6 13.Re1 Qh4 14.g3 Qh3 15.Be3 Bg4
16.Qd3 f5 17.f4 Kh8 18.Bxd5 cxd5 19.Nd2 Rae8 20.a4 bxa4 21.Qxa6 Re6 22.Qf1 Qh5
23.Qf2 g5 24.fxg5 Rxe3 25.Rxe3 f4 26.gxf4 Bxf4 27.Rg3 Bd1 28.Nf1 Bd6 29.Qg2 Bb3
30.Rh3 Qe8 31.g6 Rf6 32.Rxh7+ Kg8 33.Rh8+ Kxh8 34.Qh3+ Kg7 35.Qh7+ Kf8 36.g7+ Ke7
37.g8=Q+  1-0

[Event "CSR-ch"]
[Site "Brno"]
[Date "1990.??.??"]
[Round "5"]
[White "Blatny, Pavel"]
[Black "Bakalar, Petr"]
[Result "1-0"]
[WhiteElo "2510"]
[BlackElo "2325"]

1.Nf3 c5 2.c3 Nc6 3.d4 cxd4 4.cxd4 d5 5.Nc3 Nf6 6.Bf4 e6 7.e3 Be7 8.Bd3 O-O
9.Rc1 Bd7 10.Ne5 Rc8 11.O-O Be8 12.Qe2 Nd7 13.Nxc6 Rxc6 14.Nb5 a6 15.Bc7 Qc8
16.Rxc6 bxc6 17.Bd6 Bxd6 18.Nxd6 Qa8 19.Rc1 Nb8 20.e4 Qa7 21.exd5 cxd5 22.Rc8 Qd7
23.Nf5 Qb7 24.Qe5 exf5 25.Qxb8  1-0

[Event "CSR-ch"]
[Site "Brno"]
[Date "1990.??.??"]
[Round "6"]
[White "Mrva, Martin"]
[Black "Blatny, Pavel"]
[Result "0-1"]
[WhiteElo "2340"]
[BlackElo "2510"]

1.e4 Nc6 2.Nf3 d6 3.Nc3 Bg4 4.h3 Bxf3 5.Qxf3 e6 6.Bb5 Qf6 7.Qe3 Ne7 8.g4 O-O-O
9.g5 Qd4 10.Ne2 Qc5 11.Bxc6 Nxc6 12.c3 Qxe3 13.fxe3 Be7 14.Rg1 Ne5 15.Kd1 Nf3
16.Rg3 Nxg5 17.d3 e5 18.Kc2 h5 19.Bd2 h4 20.Rg4 Nxh3 21.Rxg7 Ng5 22.Rg1 h3
23.Be1 Bf6 24.R7xg5 Bxg5 25.Kd2 Rdg8 26.Rh1 h2 27.Bg3 Rh3 28.Rxh2 Bxe3+ 29.Kxe3 Rgxg3+
30.Nxg3 Rxh2 31.Ne2 Kd7 32.b4 b5  0-1

[Event "CSR-ch"]
[Site "Brno"]
[Date "1990.??.??"]
[Round "7"]
[White "Blatny, Pavel"]
[Black "Augustin, Josef"]
[Result "1/2-1/2"]
[WhiteElo "2510"]
[BlackElo "2385"]

1.e4 c6 2.d4 d5 3.e5 Bf5 4.h4 h5 5.Ne2 e6 6.Ng3 Bg6 7.Be2 c5 8.c3 Nc6 9.Be3 Qb6
10.Qb3 c4 11.Qxb6 axb6 12.Nd2 b5 13.Bd1 b4 14.Ne2 bxc3 15.Nxc3 Nge7 16.Nb5 Kd7
17.b3 cxb3 18.Bxb3 Nf5 19.Nf3 Nxe3 20.fxe3 Bd3 21.Nc3 Bb4 22.Rc1 Rhc8 23.Kf2 b5
24.a4 Bxc3 25.Rxc3 bxa4 26.Bxa4 Rxa4 27.Rxd3 Ra2+ 28.Rd2 Rxd2+ 29.Nxd2 Ne7
30.Rb1 Rc2 31.Rb7+ Ke8 32.Rb8+ Kd7 33.Rb7+ Ke8 34.Rb8+ Kd7  1/2-1/2

[Event "CSR-ch"]
[Site "Brno"]
[Date "1990.??.??"]
[Round "8"]
[White "Firt, Stanislav"]
[Black "Blatny, Pavel"]
[Result "1/2-1/2"]
[WhiteElo "2355"]
[BlackElo "2510"]

1.e4 e5 2.Nf3 Nf6 3.Nxe5 d6 4.Nf3 Nxe4 5.d4 d5 6.Bd3 Bd6 7.O-O O-O 8.c4 c6
9.Nc3 Nxc3 10.bxc3 dxc4 11.Bxc4 Bg4 12.Qd3 Bh5 13.Ne5 Bxe5 14.dxe5 Qxd3 15.Bxd3 Rd8
16.Bc4 Nd7 17.f4 b5 18.Bb3 Nc5 19.Be3 Nd3 20.a4 a6 21.h3 Be2 22.Rfb1 g5 23.f5 Nxe5
24.Bxg5 Re8 25.axb5 cxb5 26.Bd5 Ra7 27.Ra2 Bd3 28.Rba1 Rd7 29.Bb3 Rc7 30.Rxa6 Rxc3
31.Bf6 Be4 32.Re1 Bb7 33.Rb6 Nf3+ 34.Kf2 Nxe1 35.Bxc3 Nd3+ 36.Kg1 Be4 37.Rxb5 Nf4
38.Re5 Rxe5 39.Bxe5 Nxg2 40.Kf2 Nh4 41.f6 Ng6 42.Bd6 h6 43.Kg3 Bf5  1/2-1/2

[Event "CSR-ch"]
[Site "Brno"]
[Date "1990.??.??"]
[Round "9"]
[White "Blatny, Pavel"]
[Black "Priehoda, Vitezslav"]
[Result "1-0"]
[WhiteElo "2510"]
[BlackElo "2415"]

1.Nf3 Nf6 2.d4 d5 3.Bf4 c5 4.c3 e6 5.e3 Be7 6.Bd3 Nbd7 7.Nbd2 b6 8.Ne5 Bb7
9.g4 O-O 10.Nxd7 Qxd7 11.Qf3 cxd4 12.exd4 Qc6 13.Bg5 Rfe8 14.Qh3 h6 15.Be3 Nh7
16.f4 Nf8 17.Nf3 Qc7 18.Rg1 Bd6 19.g5 hxg5 20.Rxg5 f6 21.Rg4 f5 22.Rg3 Bxf4
23.Bxf4 Qxf4 24.Ne5 Re7 25.Ke2 Ba6 26.Bxa6 Qe4+ 27.Kd2  1-0

[Event "CSR-ch"]
[Site "Brno"]
[Date "1990.??.??"]
[Round "11"]
[White "Blatny, Pavel"]
[Black "Gross, Stefan"]
[Result "1-0"]
[WhiteElo "2510"]
[BlackElo "2420"]

1.d4 Nf6 2.Nf3 c5 3.c3 Qc7 4.g3 b6 5.Bg2 Bb7 6.O-O d6 7.a4 a6 8.a5 b5 9.dxc5 Qxc5
10.Na3 Nbd7 11.Be3 Qc7 12.Nc2 e6 13.Nb4 Be7 14.Nd4 Bxg2 15.Kxg2 Qb7+ 16.f3 Rc8
17.Nd3 O-O 18.Bd2 Nc5 19.b4 Ncd7 20.e4 Qc7 21.Qe2 Rfd8 22.g4 Ne5 23.g5 Nfd7
24.f4 Nxd3 25.Qxd3 Bf8 26.Ne2 Qc4 27.Qf3 d5 28.e5 g6 29.Be3 Nb8 30.Rad1 Nc6
31.Bd4 Nxd4 32.Rxd4 Qa2 33.Rfd1 Rc4 34.R1d2 Qb3 35.R4d3 Rcc8 36.Nd4 Qc4 37.Qg4 Qc7
38.Qh4 Qe7 39.Qg4 Rc4 40.Rf2 Rdc8 41.Rff3 R8c7 42.h4 Qd8 43.h5 Qc8 44.hxg6 hxg6
45.Qh3 Bg7 46.Kf2 Kf8 47.Ke2 Ke7 48.Kd2 Qh8 49.Qg2 Kd8 50.Rh3 Qg8 51.Qf2 Qe8
52.Qh2 Kc8 53.Rh7 Bf8 54.Rh8 Kb7 55.Rg8 Qe7 56.Qh8 Rc8 57.Ke2 Re8 58.Kf3 Rcc8
59.Qh2 Qc7 60.Qf2 Qc4 61.Qe3 Be7 62.Rg7 Rc7 63.Rxf7 Bd8 64.Rxc7+ Bxc7 65.Qe2 Bb8
66.Kg4 Ba7 67.Qf3 Bxd4 68.Rxd4 Qa2 69.Rd1 Rc8 70.Rh1 Rxc3 71.Rh7+ Rc7 72.Rxc7+ Kxc7
73.Kh3 Qd2 74.Kg4 Qxb4 75.Qh3 Kc6 76.Qh8 Kc5 77.Qc8+ Kd4 78.Qxe6 Qb1 79.f5 Qe4+
80.Kh3 Qf3+ 81.Kh2 Qh5+ 82.Kg3 Qxg5+ 83.Kf2 Qe3+ 84.Kg2 Qe2+ 85.Kg1 gxf5
86.Qxa6 Ke4 87.Qg6 Qe1+ 88.Kg2 Qd2+ 89.Kh3 Qxa5 90.e6 Qd8 91.Qg7 f4 92.e7 Qe8
93.Kh4 Kf3 94.Kg5 Qd7 95.Qc3+ Kf2 96.Qd2+ Kf1 97.Qxf4+ Ke1 98.Qe5+  1-0

[Event "CSR-ch"]
[Site "Brno"]
[Date "1990.??.??"]
[Round "12"]
[White "Blatny, Pavel"]
[Black "Brychta, Ivan"]
[Result "1-0"]
[WhiteElo "2510"]
[BlackElo "2330"]

1.Nf3 d5 2.b3 Nf6 3.Bb2 g6 4.c4 c6 5.d3 Bg7 6.Nbd2 Qb6 7.Qc2 O-O 8.e3 a5
9.a3 Na6 10.Rb1 Re8 11.Be2 Ng4 12.Bxg7 Kxg7 13.Qc3+ f6 14.h3 Nh6 15.g4 e5
16.g5 Nf5 17.gxf6+ Kxf6 18.cxd5 cxd5 19.Nxe5 d4 20.Qxc8 Rxe5 21.Qxa8 dxe3
22.Qf8+ Ke6 23.Qe8+ Ne7 24.Bg4+  1-0

[Event "CSR-ch"]
[Site "Brno"]
[Date "1990.??.??"]
[Round "14"]
[White "Blatny, Pavel"]
[Black "Lechtynsky, Jiri"]
[Result "1-0"]
[WhiteElo "2510"]
[BlackElo "2430"]

1.d4 Nf6 2.Nf3 g6 3.Nc3 d5 4.Bf4 Bg7 5.e3 O-O 6.Be2 c6 7.h3 b6 8.g4 Re8 9.g5 Nfd7
10.h4 e5 11.Nxe5 Nxe5 12.Bxe5 Bxe5 13.dxe5 Rxe5 14.Qd4 Qe7 15.O-O-O Bb7 16.Rh3 c5
17.Qd2 d4 18.exd4 cxd4 19.Qxd4 Nc6 20.Qd2 Rd8 21.Rd3 Rxd3 22.Qxd3 Nb4 23.Qd8+ Kg7
24.Bc4 Bf3 25.Qxe7 Rxe7 26.Rd6 Nc6 27.Rd3 Bg4 28.Bb5 Ne5 29.Re3 Bf3 30.Bc4 Kf8
31.Bd5 Bg4 32.Ne4 Nd7 33.Kd2 Be6 34.Nc3 Bxd5 35.Nxd5 Re6 36.Ke2 Rd6 37.Nc3 Nc5
38.Ne4 Nxe4 39.Rxe4 Rd5 40.c4 Ra5 41.a3 h6 42.gxh6 Rh5 43.b4 Rxh6 44.Kd3 Rh5
45.Kd4 Rf5 46.f4 Rh5 47.c5 Rxh4 48.c6 Rh1 49.Kd5 Rd1+ 50.Rd4 Rxd4+ 51.Kxd4 Ke7
52.Kd5 b5 53.c7 Kd7 54.Ke5  1-0

[Event "CSR-ch"]
[Site "Brno"]
[Date "1990.??.??"]
[Round "15"]
[White "Pribyl, Josef"]
[Black "Blatny, Pavel"]
[Result "1/2-1/2"]
[WhiteElo "2440"]
[BlackElo "2510"]

1.Nf3 Nf6 2.c4 e6 3.g3 d5 4.b3 Be7 5.Bb2 O-O 6.Bg2 c5 7.O-O Nc6 8.e3 b6 9.Nc3 Bb7
10.d3 a6 11.Qe2 Qc7 12.Rfd1 Rfd8 13.Rac1 dxc4 14.dxc4 Rxd1+ 15.Rxd1 Rd8 16.Rxd8+  1/2-1/2

[Event "Groningen op"]
[Site "Groningen"]
[Date "1990.??.??"]
[Round "1"]
[White "Blatny, Pavel"]
[Black "Stone, Raymond"]
[Result "1-0"]
[WhiteElo "2510"]
[BlackElo "2330"]

1.Nf3 Nf6 2.d4 e6 3.Bf4 c5 4.c3 d5 5.Nbd2 Nc6 6.e3 Bd6 7.Bg3 Bxg3 8.hxg3 Qd6
9.Bb5 O-O 10.Bxc6 bxc6 11.Qc2 h6 12.Ne5 Nd7 13.Ndf3 cxd4 14.exd4 c5 15.dxc5 Nxc5
16.O-O-O Qe7 17.Rh4 Bb7 18.Rdh1 Ne4 19.Rg4 Kh8 20.Kb1 Rab8 21.Qc1 Qf6 22.Rf4 Qe7
23.Rfh4 Qf6 24.Ka1 Kg8 25.Rf4 Qe7 26.Rg4 Ng5 27.Nxg5 hxg5 28.Rxg5 f6 29.Ng6 Qc5
30.Rg4  1-0

[Event "Groningen op"]
[Site "Groningen"]
[Date "1990.??.??"]
[Round "3"]
[White "Blatny, Pavel"]
[Black "Peelen, Piet"]
[Result "0-1"]
[WhiteElo "2510"]
[BlackElo "2380"]

1.Nf3 Nf6 2.d4 g6 3.Nc3 d5 4.Bf4 Bg7 5.e3 O-O 6.Be2 c6 7.h3 Qb6 8.Na4 Qa5+
9.c3 Nbd7 10.b4 Qd8 11.Nb2 a5 12.b5 a4 13.bxc6 bxc6 14.O-O Qa5 15.Rc1 c5
16.Nd3 Ne4 17.Qc2 Ba6 18.Nd2 Nxd2 19.Qxd2 cxd4 20.exd4 Rac8 21.Bg4 e6 22.Bd6 Rfe8
23.Rfe1 Bxd3 24.Qxd3 Bf8 25.Bxf8 Rxf8 26.h4 Nf6 27.Bf3 Rc4 28.h5 Rfc8 29.hxg6 hxg6
30.Re3 Kg7 31.Qd2 Qb6 32.g4 Qc7 33.g5 Ne4 34.Bxe4 dxe4 35.Rh3 Rh8 36.Rxh8 Kxh8
37.Kg2 Kg7 38.Qe3 e5 39.Qh3 exd4 40.Qh6+ Kg8 41.Rh1 Qe5 42.cxd4 Rxd4 43.Rc1 Qf5
44.Qh4 Qf3+ 45.Kh2 Rd8 46.Qg3 Qh5+ 47.Kg2 Rd4 48.Kf1 Qh1+ 49.Qg1 Qh3+ 50.Ke1 Qd3
51.Rc8+ Kg7 52.Qg4 Qb1+  0-1

[Event "Groningen op"]
[Site "Groningen"]
[Date "1990.??.??"]
[Round "4"]
[White "Kindl, Peter"]
[Black "Blatny, Pavel"]
[Result "1/2-1/2"]
[WhiteElo "2335"]
[BlackElo "2510"]

1.d4 d5 2.c4 e6 3.Nc3 Nf6 4.Bg5 Nbd7 5.e3 Bb4 6.cxd5 exd5 7.Bd3 c5 8.Ne2 c4
9.Bc2 Qa5 10.O-O O-O 11.a3 Bxc3 12.Nxc3 Re8 13.Qd2 b5 14.f3 Bb7 15.Kh1 Qb6
16.Rae1 h6 17.Bh4 a5 18.e4 b4 19.Na4 Qb5 20.e5 Nh7 21.f4 Nhf8 22.f5 c3 23.Qf2 Ba6
24.e6 fxe6 25.f6 Nxf6 26.Bxf6 gxf6 27.Qxf6 Re7 28.Rf3 Rg7 29.Nc5 bxa3 30.bxa3 Qb2
31.Rf2 Qb6 32.h4 Qd6 33.Re3 Nd7 34.Nxd7 Qxd7 35.Bg6 c2 36.Bxc2 Qf7 37.Qxf7+ Rxf7
38.Rg3+ Rg7 39.Rxg7+ Kxg7 40.Kg1 Rc8 41.Ba4 Rc1+ 42.Kh2 Rc4 43.Bd7 Bc8 44.Bxc8 Rxc8
45.Rf3 Rc4 46.Rd3 Kf6 47.g4 e5 48.g5+ hxg5 49.hxg5+ Kxg5 50.dxe5 d4 51.Rf3 Rc3
52.Kg2 d3 53.Rf8 Rxa3 54.Kf2 d2 55.Ke2  1/2-1/2

[Event "Novi Sad ol (Men)"]
[Site "Novi Sad"]
[Date "1990.??.??"]
[Round "1"]
[White "Blatny, Pavel"]
[Black "Hoelzl, Franz"]
[Result "0-1"]
[WhiteElo "2510"]
[BlackElo "2415"]

1.e4 c5 2.c3 d5 3.exd5 Qxd5 4.d4 Nf6 5.Nf3 e6 6.Na3 Nbd7 7.Be2 Be7 8.O-O O-O
9.Nb5 Qc6 10.dxc5 Bxc5 11.b4 a6 12.a4 Be7 13.Nfd4 Qb6 14.a5 Qd8 15.Na3 Nd5
16.Qb3 N7f6 17.Rd1 Qc7 18.Bb2 Rd8 19.Nac2 e5 20.Nf3 Bf5 21.Nfe1 Rac8 22.c4 Nf4
23.Bf1 Rxd1 24.Rxd1 Bg4 25.f3 Be6 26.Ne3 Nd7 27.g3 Ng6 28.Nd5 Bxd5 29.Rxd5 Nf6
30.Rd1 b6 31.c5 bxa5 32.Bxa6 Rb8 33.Nd3 axb4 34.Rc1 e4 35.fxe4 Nxe4 36.Qd5 Nc3
37.Bxc3 bxc3 38.Rxc3 Rd8 39.Qa2 Bf6 40.Rc1 Bd4+ 41.Kg2 Qc6+ 42.Kh3 Rd5 43.Rf1 Qe6+
44.Kg2 Nh4+  0-1